000 00307nam a2200109 4500
999 _c9862
_d9862
008 180720b ||||| |||| 00| 0 eng d
245 _aHostage-taking haunts old Davao jail.
260 _aPhilippines
_bPhilippine Daily Inquirer
_cc2016
300 _apage A18.
650 0 _929176
_aTerrorism.
942 _2ddc
_cPER